Länder mit dem geringsten BIP - Sudden Death - Statistiken

Allgemein
  • Dieses Quiz wurde 68 mal gespielt
  • Das Durchschnittsergebnis liegt bei 4 aus 8
Answers on the Grid
Answers color-coded by a green-red scale on the quiz's grid according to % correct below.
Vanuatu
Tonga
Mikronesien
Kiribati
Palau
Marshallinseln
Nauru
Tuvalu
Dominica
Samoa
São Tomé und Príncipe
Bahrain
Salomonen
Liechtenstein
Grenada
San Marino
Antigua und Barbuda
Seychellen
Andorra
Monaco
 
Antwortstatistiken
Antwort % Korrekt
Tuvalu
69%
Nauru
62%
Palau
46%
Kiribati
44%
Vanuatu
41%
Tonga
33%
Marshallinseln
31%
Mikronesien
28%
Keine übereinstimmenden Quizze gefunden
Verteilung der Resultate
Anzahl Personen mit jedem Resultat
Perzentil nach korrekt beantworteten Fragen
Ihre Resultats-Entwicklung
Sie haben dieses Quiz noch nicht gespielt